Представление документа в формате MARC21

Поле Инд. ПП Название Значение
Тип записи a
Библиографический уровень b
001 Контрольный номер RU/IS/BASE/287578278
005 Дата корректировки 20200522191306.5
008 Кодируемые данные 20090210
040 b Код языка каталог. rus
e Правила каталог. PSBO
041 0_ a Код языка текста rus
084 a Индекс другой классификации/Индекс ББК 65.5-592
100 1_ a Автор Кирмаров А.
245 10 a Заглавие Влияние глобальных тенденций на трансформацию логистических распределительных систем
504 a Библиография Лит. в конце статьи
520 a Аннотация "Распределительные системы являются своего рода связующим звеном между основными районами потребления продукции и районами с низкой стоимостью рабочей силы."
650 a Основная рубрика логистика
a Основная рубрика мировая экономика
a Основная рубрика экономика
653 1_ a Ключевые слова Австралия
a Ключевые слова Бразилия
a Ключевые слова валовой внутренний продукт (ВВП)
a Ключевые слова глобализация экономики
a Ключевые слова динамика производства
a Ключевые слова Европейский союз (ЕС)
a Ключевые слова индекс потребительских цен
a Ключевые слова Индия
a Ключевые слова Канада
a Ключевые слова Китай
a Ключевые слова Корея
a Ключевые слова макрологистика
a Ключевые слова Мексика
a Ключевые слова менеджмент
a Ключевые слова паритет покупательной способности
a Ключевые слова потребительские предпочтения
a Ключевые слова распределительные логистические системы
a Ключевые слова Россия
a Ключевые слова стоимость трудовых ресурсов
a Ключевые слова товародвижение
a Ключевые слова торговый баланс
a Ключевые слова управление запасами
a Ключевые слова уровень заработной платы
a Ключевые слова Япония
700 a Автор Синагатуллин Т.
773 0_ t Заглавие источника РИСК: ресурсы, информация, снабжение, конкуренция
d Дата издания источника 2008
g Прочая информация № 4. - С. 45 - 51 : табл.
w Контрольный № источника RU/IS/BASE/286471778
901 t Тип документа b